000 00284nam a2200097Ia 4500
005 20251222114358.0
008 251222s1900||||xx |||||||||||||| ||spa||
082 _aDVD191.3/U61/2002/T.2
245 0 _aLa evolución de las relaciones entre la Unión Europea y América Latina:
942 _cDVD
999 _c1519
_d1519